000 00361nam a2200145Ia 4500
008 240624s9999 xx 000 0 und d
041 _aeng
082 _a658.406 BUR
100 _aBURKE W WARNER
245 _aORGANIZATION CHANGE THEORY AND PRACTICE
250 _a(3rd ed.)
260 _c2012
_aNew Delhi
_bSage India
300 _a384 : p.
365 _cRS
_b40
999 _c22409
_d22409